000 01096nam a2200301 a 4500
001 58523
003 BD-RJUL
005 20211209080630.0
008 161218s1995 ii 001 0 eng
020 _a9840512897
035 _aBD-RJUL 58647
035 _a(OCoLC)33478477
040 _aDLC
_cDLC
_dMYG
_beng
041 _aeng
082 0 0 _a339.5095492
_220
_bHOI 1995
100 1 _aHossain, Akhand Akhtar.
_9173854
245 1 0 _aInflation, economic growth, and the balance of payments in Bangladesh :
_ba macroeconomic study /
_cM. Akhtar Hossain.
260 _aDelhi :
_bOxford University Press,
_c1995.
300 _avii, 396 p. ;
_c23 cm.
500 _aRevision of the author's thesis (Ph. D.)--La Trobe University.
504 _aIncludes bibliographical references (p. [369]-389) and index.
650 0 _aInflation (Finance)
_zBangladesh
_xEconometric models.
_9173855
650 0 _aBalance of payments
_zBangladesh
_xEconometric models.
_9173856
650 0 _aMonetary policy
_zBangladesh.
_9173857
942 _2ddc
_cBK
949 _ad
_p39080009591873
999 _c58523
_d58523